01184 a2200181 45000010006000000050017000060080041000230030015000640400040000790800022001192450082001410200022002232640029002453000019002745050676002930410008009691000025009776063120260407155858.0260407a1990 arg spa dAR-UNSa-BCEJYS aAR-UNSa-BCEJYSbspacAR-UNSa-BCEJYS a321.7xDemocracia10aLas democraciaspDemocracia antigua, democracia liberal y estado de bienestar a978-84-344-1093-0 1aBarcelona :bArielc1990 a258 p.c21 cm. aParte I: La democracia en la Grecia clásica: 1. El período arcaico. Siglos VIII-VI a.C – 2. Las reformas democratizadoras del siglo VI en Atenas – 3. La democracia ateniense durante las Guerras Médicas y el periodo perícleo – 4. La crisis de la democracia ateniense en la Guerra del Peloponeso. Las concepciones políticas de la segunda sofistica – Parte II: Las democracias contemporáneas: 5. Democracia antigua y democracia contemporánea – 6. Democracia liberal, capitalismo y socialismo – 7. Democracia liberal y ciencia política – 8. Las democracias liberal-sociales – 9. Tipologías, condiciones sociales y transiciones democráticas aspa1 aRequejo Coll, Ferran